| 000 | 00000nam 2200000za 4500 |
| 001 | 9.817040 |
| 003 | CaOODSP |
| 005 | 20221107142402 |
| 007 | cr ||||||||||| |
| 008 | 160506s1996 quc||||| f|0| 0 eng d |
| 020 | |z0-662-23367-0 |
| 040 | |aCaOODSP|beng |
| 043 | |an-cn--- |
| 086 | 1 |aEn153-6/35-1996E-PDF |
| 245 | 00|aAlliance Forest Products Inc. |h[electronic resource]. |
| 260 | |a[Montreal, Quebec] : |bEnvironment Canada, |c1996. |
| 300 | |a[4] p. : |bmap, graph, table. |
| 490 | 1 |aIndustrial plants : highlights ; |vfact sheet no. 35 |
| 500 | |aThe catalogue number (En153-6/35-1996E) and ISBN (0-662-23367-0) for the print edition have been copied in this electronic publication. |
| 500 | |aIssued in French under title: Produits forestiers Alliance inc. |
| 500 | |aCaption title. |
| 692 | 07|2gccst|aIndustrial buildings |
| 710 | 1 |aCanada. |bEnvironment Canada. |bEnvironmental Protection Service. |
| 775 | 08|tProduits forestiers Alliance inc.|w(CaOODSP)9.817044 |
| 776 | 0#|tAlliance Forest Products Inc |w(CaOODSP)9.612071 |
| 830 | #0|aIndustrial plants : highlights ;|vfact sheet no. 35|w(CaOODSP)9.806424 |
| 856 | 40|qPDF|s38 KB|uhttps://publications.gc.ca/collections/collection_2016/eccc/En153-6-35-1996-eng.pdf |